Welcome to the Holygrace Academy Library

Please use search bar below to get started

PROBLEMS IN MATHEMATICS (Record no. 1219)

MARC details
000 -LEADER
fixed length control field 00377nam a22001457a 4500
020 ## - INTERNATIONAL STANDARD BOOK NUMBER
ISBN 81-239-0487-8
082 ## - DEWEY DECIMAL CLASSIFICATION NUMBER
Classification number 510
Item number GOV/P
100 ## - MAIN ENTRY--AUTHOR NAME
Personal name GOVOROV, DYBOV MIROSHIN, SMIRNOVA
245 ## - TITLE STATEMENT
Title PROBLEMS IN MATHEMATICS
Remainder of title WITH HINTS AND SOLUTIONS
250 ## - EDITION STATEMENT
Edition statement REPRINT 2003
260 ## - PUBLICATION, DISTRIBUTION, ETC. (IMPRINT)
Place of publication DELHI
Name of publisher CBS PUBLISHERS
Year of publication 2003
300 ## - PHYSICAL DESCRIPTION
Number of Pages 392
650 ## - SUBJECT ADDED ENTRY--TOPICAL TERM
Topical Term MATHS REFERENCE
Geographic subdivision INDIA
942 ## - ADDED ENTRY ELEMENTS (KOHA)
Koha item type Books
Holdings
Withdrawn status Lost status Collection code Home library Current library Shelving location Date acquired Source of acquisition Cost, normal purchase price Full call number Accession Number Koha item type
    Reference Main Library Main Library SHELF-5 A REFERENCE MATHS 23/10/2006 purchase 65.00 510 GOV/P 03362 Books